Der tunnel (Record no. 85959)
[ view plain ]
| 000 -LEADER | |
|---|---|
| campo de control de longitud fija | 00433nam a2200145 i 4500 |
| 001 - NÚMERO DE CONTROL | |
| campo de control | 85959 |
| 003 - IDENTIFICADOR DE NÚMERO DE CONTROL | |
| campo de control | ES-MaACL |
| 007 - CAMPO FIJO DE DESCRIPCIÓN FÍSICA--INFORMACIÓN GENERAL | |
| campo de control de longitud fija | t| |
| 008 - DATOS DE LONGITUD FIJA--INFORMACIÓN GENERAL | |
| campo de control de longitud fija | 041203s1926 gw ||||1| ger d |
| 100 1# - ENTRADA PRINCIPAL--NOMBRE DE PERSONA | |
| Nombre de persona | Kellermann, Bernhard. |
| 9 (RLIN) | 67775 |
| 245 14 - MENCIÓN DEL TÍTULO | |
| Título | Der tunnel |
| Resto del título | : roman / |
| Mención de responsabilidad, etc. | von Bernhard Kellermann. |
| 260 ## - PUBLICACIÓN, DISTRIBUCIÓN, ETC. | |
| Lugar de publicación, distribución, etc. | Berlin : |
| Nombre del editor, distribuidor, etc. | S. Fischer, |
| Fecha de publicación, distribución, etc. | [1926] ( |
| Lugar de fabricación/manufactura | Leipzig : |
| Fabricante | Grebner & Schramm]) |
| 300 ## - DESCRIPCIÓN FÍSICA | |
| Extensión | 402 p. ; |
| Dimensiones | 21 cm. |
| 852 ## - LOCALIZACIÓN | |
| Ubicación | ES-MaACL |
| Número de control de estantería | E-5895 |
| Sublocalización o colección | R.90496 |
| Estatus retirado | Estado de pérdida | Estado de daño | No para préstamo | Biblioteca de origen | Biblioteca actual | Ubicación en estantería | Fecha de adquisición | Fuente de adquisición | Total de préstamos | Signatura topográfica completa | Código de barras | Visto por última vez | Precio de reemplazo | Tipo de ítem Koha |
|---|---|---|---|---|---|---|---|---|---|---|---|---|---|---|
| Biblioteca del Ateneo de Madrid | Biblioteca del Ateneo de Madrid | Depósito 2 | 17/01/2008 | E-5895 | 1089825 | 23/02/2023 | 23/02/2023 | Libro impreso |
